ARRUPE JESUIT UNIVERSITY

CORONAVIRUS -STOP THE SPREAD - CLEAN,DISINFECT,COVER

The hollow crown. (Record no. 130250)

MARC details
000 -LEADER
fixed length control field 00615cjm a2200217u 4500
001 - CONTROL NUMBER
control field 7522018
003 - CONTROL NUMBER IDENTIFIER
control field ARRUPE
005 - DATE AND TIME OF LATEST TRANSACTION
control field 20200131115430.0
008 - FIXED-LENGTH DATA ELEMENTS--GENERAL INFORMATION
fixed length control field 860610s196u xx uun eng
010 ## - LIBRARY OF CONGRESS CONTROL NUMBER
LC control number r 65001889
040 ## - CATALOGING SOURCE
Original cataloging agency DLC
Transcribing agency CarP
Modifying agency DLC
043 ## - GEOGRAPHIC AREA CODE
Geographic area code e-uk---
050 00 - LIBRARY OF CONGRESS CALL NUMBER
Classification number DA28.1.B36 1962
300 ## - PHYSICAL DESCRIPTION
Dimensions 26cm.
100 1# - MAIN ENTRY--PERSONAL NAME
Personal name Barton, John,
Dates associated with a name 1928-
Relator term comp.
9 (RLIN) 49246
245 14 - TITLE STATEMENT
Title The hollow crown.
Statement of responsibility, etc John Barton.
260 ## - PUBLICATION, DISTRIBUTION, ETC. (IMPRINT)
Place of publication, distribution, etc London
Name of publisher, distributor, etc History Book Club
Date of publication, distribution, etc 1962
300 ## - PHYSICAL DESCRIPTION
Extent 272p. ;
651 #0 - SUBJECT ADDED ENTRY--GEOGRAPHIC NAME
Geographic name Great Britain
General subdivision Kings and rulers.
9 (RLIN) 496
906 ## - LOCAL DATA ELEMENT F, LDF (RLIN)
a 0
b cbc
c premunv
d u
e ncip
f 19
g y-gencatlg
942 ## - ADDED ENTRY ELEMENTS (KOHA)
Source of classification or shelving scheme Library of Congress Classification
Koha item type Monograph ( Printed materials)
Holdings
Withdrawn status Lost status Source of classification or shelving scheme Damaged status Not for loan Collection code Home library Current library Shelving location Date acquired Total Checkouts Full call number Barcode Date last seen Price effective from Koha item type
    Library of Congress Classification     Main Collection ARRUPE LIBRARY ARRUPE LIBRARY Main Collection 31/01/2020   DA28.1.B36 1962 46600006616 31/01/2020 31/01/2020 Monograph ( Printed materials)

 

Arrupe Library. PO Box MP320 Mt Pleasant, Harare, Zimbabwe
263 242 745411|librarian@aju.ac.zw